América latina en la encrucijada de la modernidad /

Se ofrece un análisis -con los medios que proporciona la sociología- del estatuto de la modernidad en América Latina. Se inicia en la conceptualización en la filosofía de la historia, desde donde su adopción para la reflexión habría provocado las "desventuras" de la modernidad en el continente, incl...

Descripción completa

Detalles Bibliográficos
Autor principal: Brunner, José Joaquin 1944-
Autor Corporativo: FLACSO
Formato: Libro
Lenguaje:español
Publicado: Santiago, Chile FLACSO 1992
Colección:Educación y cultura 22
Materias:

MARC

LEADER 00000cam a2200000 a 4500
001 006047
003 UAHC_CL
005 20170803120214.0
008 120613s1992 cl 000 spa
040 |a UAHC_CL  |c UAHC_CL  |d UAHC_CL 
082 0 4 |a 306.098  |b B897  |2 21 
100 1 |a Brunner, José Joaquin  |d 1944- 
245 1 0 |a América latina en la encrucijada de la modernidad /  |c José Joaquín Brunner. 
260 |b FLACSO  |a Santiago, Chile  |c 1992 
300 |a 36 p. 
490 0 |a Educación y cultura  |v 22 
520 |a Se ofrece un análisis -con los medios que proporciona la sociología- del estatuto de la modernidad en América Latina. Se inicia en la conceptualización en la filosofía de la historia, desde donde su adopción para la reflexión habría provocado las "desventuras" de la modernidad en el continente, incluso su abortada instalación. Se contrasta esa aproximación con la de quienes estiman que la modernidad es una experiencia en vías de universalizarse y, por tanto, un proceso que despegado de su lugar y tiempo de origen, se entremezcla con las condiciones peculiares de existencia de las más diversas naciones. En vez de partir de la autocomprensión del proyecto de la modernidad, interesa rastrear su desarrollo institucional en la sociedad. 
650 4 |a Globalización  |z América Latina 
650 4 |a ANTROPOLOGIA SOCIAL Y CULTURAL  |z AMÉRICA LATINA 
653 |a ANTROPOLOGIA 
710 1 |a FLACSO  |c Santiago de Chile 
900 |a 306.098 BRU 
942 |c BK 
952 |0 0  |1 0  |4 0  |6 306_098000000000000_BRU  |7 0  |8 General  |9 13302  |a BC  |b BC  |c General  |d 2017-08-03  |l 2  |m 5  |o 306.098 BRU  |p 1387443  |r 2026-01-13 00:00:00  |s 2019-03-01  |t 1  |w 2017-08-03  |y BK 
999 |c 6047  |d 6047